| 000 | 00393nam a22001577a 4500 | ||
|---|---|---|---|
| 005 | 20160513170051.0 | ||
| 008 | 160513b xxu||||| |||| 00| 0 eng d | ||
| 041 | _aeng | ||
| 082 | _b2133 | ||
| 100 |
_aDr. C.B. Mamoriya S.V. Gankar _9605 |
||
| 245 | _aPersonal Management | ||
| 260 |
_aNew Delhi _bHimalaya Publishing House, _c2004 |
||
| 300 | _a920 | ||
| 650 |
_aManagement _9241 |
||
| 942 | _cBK | ||
| 999 |
_c779 _d779 |
||